00750nam a2200241 a 4500001001300000003000900013005001700022008004100039020001000080082001800090100002000108245002500128260003600153300001000189500003500199505009100234650001500325700002000340902000800360942000700368952011800375999001500493nice12345678IN_TiNIC20260116011949.0050524s1960 shia grp 000 0 urd  ac10000a297.86bAHM17 aAhmad, Basharat aBasharat-E-Ahmadiyya aShimlabIndian Institute c1960 a304p. aincludes index and biblioraphy2 aalso contains nishan-e-asmani, asmani faisla siraj-e-munir and risala tuhfa-e-baghdad. aAhmadiyyah1 aAhmad, Basharat bSRS cBK 001040708StackRoom-aHMIbHMId2007-06-29g100.00l0o297.86 AHM17p06446r2007-06-29v100.00w2005-05-24yBK c5082d5082